Remote sensing in hydrography (Record no. 68234)

MARC details
000 -LEADER
fixed length control field 00688cam a2200193 4500
008 - FIXED-LENGTH DATA ELEMENTS--GENERAL INFORMATION
fixed length control field 010911n2001 000 0 eng u
035 ## - SYSTEM CONTROL NUMBER
System control number (Sirsi) u114528
100 ## - MAIN ENTRY--PERSONAL NAME
Personal name Barbor, K
245 ## - TITLE STATEMENT
Title Remote sensing in hydrography
260 ## - PUBLICATION, DISTRIBUTION, ETC.
Date of publication, distribution, etc. 2001
490 ## - SERIES STATEMENT
Series statement Hydro International
Volume/sequential designation 5(6) September 2001, 7-9(3)
520 ## - SUMMARY, ETC.
Summary, etc. Examines some of the recent advances in remote sensing, from the development of Fessenden's acoustic device into multibeam and side scan sonars, and how they can be put to use in hydrography.
650 ## - SUBJECT ADDED ENTRY--TOPICAL TERM
Topical term or geographic name entry element REMOTE SENSING
650 ## - SUBJECT ADDED ENTRY--TOPICAL TERM
Topical term or geographic name entry element HYDROGRAPHY
9 (RLIN) 6245
650 ## - SUBJECT ADDED ENTRY--TOPICAL TERM
Topical term or geographic name entry element SONAR
650 ## - SUBJECT ADDED ENTRY--TOPICAL TERM
Topical term or geographic name entry element EXPLORATION
690 ## - LOCAL SUBJECT ADDED ENTRY--TOPICAL TERM (OCLC, RLIN)
Topical term or geographic name as entry element GEOMATICS-HYDROGRAPHIC SURVEYING
942 ## - ADDED ENTRY ELEMENTS (KOHA)
Suppress in OPAC 0
Holdings
Withdrawn status Lost status Source of classification or shelving scheme Damaged status Not for loan Home library Current library Shelving location Date acquired Total Checkouts Barcode Date last seen Copy number Price effective from Koha item type
    Dewey Decimal Classification     London London Journal article 11/09/2001   114528-1001 06/08/2019 1 06/08/2019 Journal article